Visualizzazione normale
Vista MARC
- Le Begue Nicolas
di Personal Name
Records bibliografici associati: 1
001 - CONTROL NUMBER
- control field: 9693
003 - CONTROL NUMBER IDENTIFIER
- control field: IT-RoPau
005 - DATE AND TIME OF LATEST TRANSACTION
- control field: 20140119210540.0
008 - FIXED-LENGTH DATA ELEMENTS
- fixed length control field: 140119|| aca||aabn | a|a d
040 ## - CATALOGING SOURCE
- Original cataloging agency: IT-RoPau
- Transcribing agency: IT-RoPau
100 ## - HEADING--PERSONAL NAME
- Personal name: Le Begue Nicolas
- Relator term: Autore musica
- Miscellaneous information: Codice autore musica SPICS: 8106
670 ## - SOURCE DATA FOUND
- Source citation: Work cat.: (IT-RoPau)99073: Nivers Guillaume 9690, Maestri d'organo del seicento francese